Statistics for Geography of Germany

Click here to take the quiz!

General Stats

  • This quiz has been taken 13,817 times
    (13,796 since last reset)
  • The average score is 14 of 20

Answer Stats

QuestionAnswer% Correct
What is the most populous and capital of the above?Munich
97%
What is Germany's largest state by area?Bavaria
95%
What two seas does Germany border?{North} Sea
94%
In which German city is the European Central Bank headquartered?Frankfurt
93%
What are the two longest rivers that flow through Germany?Rhine
93%
What two seas does Germany border?{Baltic} Sea
89%
What region in the southwest is probably Germany's most famous forest?{Black} Forest
87%
What are the two longest rivers that flow through Germany?Danube
84%
What name was given to the best-known crossing point between East and West Berlin?Checkpoint {Charlie}
80%
What is the birth country of the greatest number of foreign-born German residents?Turkey
78%
What major peninsula does Germany share with Denmark?Jutland
67%
What polycentric urban area are the cities of Essen, Duisburg, and Dortmund parts of?The Ruhr
67%
What city, starting with a double-A, is the westernmost in Germany?Aachen
66%
What French city would you be in if you drive westward from the German town of Kehl?Strasbourg
63%
What river flows through the city of Hamburg?Elbe
59%
What state completely surrounds Berlin?Brandenburg
52%
What river makes the northern part of Germany's border with Poland?Oder
40%
What large lake borders Austria, Germany, and Switzerland?Lake {Constance}
39%
What is Germany's highest mountain? (Hint: starts with Z)Zugspitze
39%
What canal connects those two seas?{Kiel} Canal
30%

Score Distribution

Percentile by Number Answered

Percent of People with Each Score

Your Score History

You have not taken this quiz since the last reset